000 00722pam a2200241 a 4500
001 3824053
003 NUST - PNEC
005 20170116180846.0
008 860618s1987 nyua 001 0 eng
010 _a 86016370
020 _a0024082007
040 _aDLC
_cLIBRARY
_dDLC
050 0 0 _aQD251.2
_b.S374 1987
082 0 0 _a547 SCH
100 1 _aSchumm, M. K.
_q(Margot K.)
245 1 0 _aUnderstanding organic chemistry /
_cM.K. Schumm.
260 _aNew York :
_bMacmillan Pub. Co. ;
_aLondon :
_bCollier Macmillan,
_cc1987.
300 _axix, 634 p. :
_bill. ;
_c25 cm.
500 _aIncludes index.
650 0 _aChemistry, Organic.
_xME
906 _a7
_bcbc
_corignew
_d1
_eocip
_f19
_gy-gencatlg
942 _2ddc
_cBK
999 _c64476
_d64476